Quick Pick: NHL Stars by Debut Decade Quiz Stats

 Plays Quiz Updated Jul 2, 2017

Support Sporcle.
Go Orange.
Score 0/11 Timer 01:30
4 Plays Today
% Correct
2010s
77.6%
2000s
77.4%
1980s
71.4%
1990s
65%
1970s
60.5%
1960s
58.2%
1950s
46.4%
1940s
45.9%
1910s
39.9%
1920s
35.8%
1930s
35.4%

Today's Daily Dose

Word Ladder
New Dimensions!

Quick Pick
'Animal' Fish

Get the Picture
Bird or Food?

You're not logged in!

Compare scores with friends on all Sporcle quizzes.
OR
Log In
Forgot?

From the Vault

Take Five III

by El_Dandy

Everyone deserves a five minute break.
Remove Ads.
Support Sporcle.
Get the best of Sporcle when you Go Orange. This ad-free experience offers more features, more stats, and more fun while also helping to support Sporcle. Thank you for becoming a member.

Show Comments

Extras

Top Quizzes Today


Score Distribution

Your Account Isn't Verified!

In order to create a playlist on Sporcle, you need to verify the email address you used during registration. Go to your Sporcle Settings to finish the process.

Report this User

Report this user for behavior that violates our Community Guidelines.

Details: